Welcome to the Holygrace Academy Library

Please use search bar below to get started

TEXT BOOK OF 3-D CO-ORDINATE SYSTEMS AND STRAIGHT LINES (Record no. 1281)

MARC details
000 -LEADER
fixed length control field 00466nam a22001457a 4500
020 ## - INTERNATIONAL STANDARD BOOK NUMBER
ISBN 81-7141-976-3
082 ## - DEWEY DECIMAL CLASSIFICATION NUMBER
Classification number 510
Item number SHA/T
100 ## - MAIN ENTRY--AUTHOR NAME
Personal name SHARMA, A.K
245 ## - TITLE STATEMENT
Title TEXT BOOK OF 3-D CO-ORDINATE SYSTEMS AND STRAIGHT LINES
260 ## - PUBLICATION, DISTRIBUTION, ETC. (IMPRINT)
Place of publication DELHI
Name of publisher DISCOVERY PUBLISHING HOUSE
Year of publication 2005
300 ## - PHYSICAL DESCRIPTION
Number of Pages 265
520 ## - SUMMARY, ETC.
Summary, etc EXPECTED FOR STUDENTS GOING UP FOR THE B.A, B.SC, PASS AND HONOURS EXAMINATION OF ALL INDIAN UNIVERSITIES
650 ## - SUBJECT ADDED ENTRY--TOPICAL TERM
Topical Term MATHS REFERENCE
Geographic subdivision INDIA
942 ## - ADDED ENTRY ELEMENTS (KOHA)
Koha item type Books
Holdings
Withdrawn status Lost status Collection code Home library Current library Shelving location Date acquired Source of acquisition Cost, normal purchase price Full call number Accession Number Koha item type
    Reference Main Library Main Library SHELF-5 A REFERENCE MATHS 18/03/2006 purchase 175.00 510 SHA/T 02276 Books